000 00606nas a22001817a 4500
003 OSt
005 20151110102811.0
008 130628d19962000sp ||||| |||| 00| 0 g d
040 _cCDMR
_bcat
245 0 _aXornalistas
_cAsociación de Prensa de Santiago de Compostela
260 _aSantiago de Compostela
_bAsociación de Prensa de Santiago de Compostela
_c1996-2000
300 _ccm.
310 _aIrregular
362 _aNúm. 1 (gen. 1996) - núm. 8 (febr. 2000)
650 0 4 _94585
_aPeriodisme
_zGalícia
_vRevistes
710 2 _93894
_aAsociación de Prensa de Santiago de Compostela
942 _2udc
_cSER
999 _c6540
_d6540